| 000 | 01107nam a22002537a 4500 | ||
|---|---|---|---|
| 003 | OSt | ||
| 005 | 20210317153159.0 | ||
| 008 | 210317b2016 ck adb|gr|||| 00| 0 spa d | ||
| 040 |
_aCO-JMCR _cCO-JMCR |
||
| 041 | 0 | _aspa | |
| 082 | 0 | 4 |
_a368.4 / _bA837c _223 |
| 110 | 2 |
_aAsocajas _936247 |
|
| 245 | 1 | 3 |
_aEl compromiso de las cajas de compensación familiar con el campo y la paz / _cAsocajas |
| 250 | _aPrimera edición | ||
| 260 |
_a[Bogotá] : _bAsocajas, _c2016 |
||
| 300 |
_a136 páginas : _bilustraciones, gráficas y mapas a color ; _c24 cm. |
||
| 500 | _aIncluye glosario y notas a pie de página. | ||
| 504 | _aBibliografía: página 129-131 | ||
| 505 | 0 | _aDiagnóstico -- Oportunidades de intervención rural -- Presencia y experiencias relevantes -- Modelo y estrategias de intervención rural -- Lineamientos para un plan de acción y recomendaciones finales | |
| 650 | 1 | 4 |
_aCajas de compensación familiar _zColombia _936248 |
| 650 | 2 | 4 |
_aSubsidios familiares _zColombia _936249 |
| 650 | 2 | 4 |
_aSubsidios familiares _vCompromisos _xZonas rurales _zColombia _936250 |
| 942 |
_2ddc _cBK |
||
| 999 |
_c15418 _d15418 |
||